header

Essentials of social research (Record no. 21289)

MARC details
000 -LEADER
fixed length control field 01267nam a2200337Ia 4500
100 1# - MAIN ENTRY--AUTHOR NAME
Personal name Kalof, Linda.
245 10 - TITLE STATEMENT
Title Essentials of social research
260 ## - PUBLICATION, DISTRIBUTION, ETC. (IMPRINT)
Place of publication Maidenhead ;
-- New York :
Name of publisher McGraw Hill/Open University Press,
Year of publication 2008.
300 ## - PHYSICAL DESCRIPTION
Number of Pages vii, 225 p. :
Other physical details ill.
650 #0 - SUBJECT ADDED ENTRY--TOPICAL TERM
Topical Term Social sciences
Topical Term Action research.
700 1# - ADDED ENTRY--PERSONAL NAME
Personal name Dan, Amy.
Personal name Dietz, Thomas.
856 40 - ELECTRONIC LOCATION AND ACCESS
Uniform Resource Identifier http://site.ebrary.com/lib/rucke/Doc?id=10274049

No items available.

© 2026 Rongo University
Contact us: librarian | system librarian | Rongo university